<?xml version="1.0" encoding="UTF-8"?>
<collection xmlns="http://www.loc.gov/MARC21/slim">
 <record>
  <leader>01571nam a22002297a 4500</leader>
  <controlfield tag="001">NCT_80567</controlfield>
  <controlfield tag="008">200609b        xxu||||| |||| 00| 0 vie d</controlfield>
  <datafield tag="999" ind1=" " ind2=" ">
   <subfield code="c">3952</subfield>
   <subfield code="d">3952</subfield>
  </datafield>
  <datafield tag="020" ind1=" " ind2=" ">
   <subfield code="a">9786047737505</subfield>
   <subfield code="c">385000</subfield>
  </datafield>
  <datafield tag="082" ind1="0" ind2="4">
   <subfield code="2">23rd ed.</subfield>
   <subfield code="a">345.597</subfield>
   <subfield code="b">B305</subfield>
  </datafield>
  <datafield tag="100" ind1="1" ind2=" ">
   <subfield code="a">Trần Văn Biên</subfield>
   <subfield code="e">Chủ biên</subfield>
  </datafield>
  <datafield tag="245" ind1="1" ind2="0">
   <subfield code="a">Bình luận khoa học bộ luật tố tụng hình sự năm 2015 :</subfield>
   <subfield code="b">Áp dụng từ ngày 01-01-2018</subfield>
   <subfield code="c">Trần Văn Biên, Đinh Thế Hưng (Chủ biên); Đàm Quang Ngọc,...[et al.]</subfield>
  </datafield>
  <datafield tag="260" ind1=" " ind2=" ">
   <subfield code="a">H.</subfield>
   <subfield code="b">Thế Giới</subfield>
   <subfield code="c">2017</subfield>
  </datafield>
  <datafield tag="300" ind1=" " ind2=" ">
   <subfield code="a">479 tr.</subfield>
   <subfield code="c">28cm</subfield>
  </datafield>
  <datafield tag="520" ind1="3" ind2=" ">
   <subfield code="a">Nội dung sách trình bày: những quy định chung; khởi tố, điều tra vụ án hình sự; truy tố; xét xử vụ án hình sự; một số quy định về thi hài bản án, quyết định của tòa án; xét lại bản án và quyết định đã có hiệu lực pháp luật; thủ tục đặc biệt; hợp tác quốc tế; điều khoản thi hành.</subfield>
  </datafield>
  <datafield tag="653" ind1=" " ind2=" ">
   <subfield code="a">Luật học</subfield>
  </datafield>
  <datafield tag="700" ind1="1" ind2=" ">
   <subfield code="a">Đinh Thế Hưng</subfield>
   <subfield code="e">Chủ biên</subfield>
  </datafield>
  <datafield tag="700" ind1="1" ind2=" ">
   <subfield code="a">Đàm Quang Ngọc</subfield>
  </datafield>
  <datafield tag="942" ind1=" " ind2=" ">
   <subfield code="2">ddc</subfield>
   <subfield code="c">BK</subfield>
  </datafield>
  <datafield tag="952" ind1=" " ind2=" ">
   <subfield code="0">0</subfield>
   <subfield code="1">0</subfield>
   <subfield code="2">ddc</subfield>
   <subfield code="4">0</subfield>
   <subfield code="6">345_597000000000000_B305</subfield>
   <subfield code="7">0</subfield>
   <subfield code="9">19710</subfield>
   <subfield code="a">000001</subfield>
   <subfield code="b">000001</subfield>
   <subfield code="d">2020-06-09</subfield>
   <subfield code="o">345.597 B305</subfield>
   <subfield code="p">MD.17331</subfield>
   <subfield code="r">2020-06-09</subfield>
   <subfield code="v">385000.00</subfield>
   <subfield code="w">2020-06-09</subfield>
   <subfield code="y">BK</subfield>
  </datafield>
  <datafield tag="952" ind1=" " ind2=" ">
   <subfield code="0">0</subfield>
   <subfield code="1">0</subfield>
   <subfield code="2">ddc</subfield>
   <subfield code="4">0</subfield>
   <subfield code="6">345_597000000000000_B305</subfield>
   <subfield code="7">0</subfield>
   <subfield code="9">19711</subfield>
   <subfield code="a">000001</subfield>
   <subfield code="b">000001</subfield>
   <subfield code="d">2020-06-09</subfield>
   <subfield code="l">1</subfield>
   <subfield code="m">1</subfield>
   <subfield code="o">345.597 B305</subfield>
   <subfield code="p">MD.17332</subfield>
   <subfield code="r">2021-01-27</subfield>
   <subfield code="s">2021-01-08</subfield>
   <subfield code="v">385000.00</subfield>
   <subfield code="w">2020-06-09</subfield>
   <subfield code="y">BK</subfield>
  </datafield>
  <datafield tag="980" ind1=" " ind2=" ">
   <subfield code="a">Thư viện Trường Đại học Nam Cần Thơ</subfield>
  </datafield>
 </record>
</collection>
